000 01980nam a2200337 i 4500
001 768714001
003 CO-MdFUSB
005 20211004163022.0
007 ta
008 200617t1997 ag |||| |||| 00| 0 spa d
020 _a9508020644
040 _aCO-MdFUSB
_bspa
_cCO-MdFUSB
_dCO-MdFUSBC
_erda
041 _aspa
082 _223
_a371.254
_bG216
100 _aGarcía, Dora
_d1965-
_eautor
245 1 3 _aEl grupo
_b: métodos y técnicas participativas
_c/ Dora García
250 _aPrimero edición
264 1 _aBuenos aires :
_bEspacio,
_c[1997]
264 4 _c©1997
300 _c137 páginas ;
_a23 cm
336 _2rdacontent
_atexto
_btxt
337 _2rdamedia
_asin mediación
_bn
338 _2rdacarrier
_avolumen
_bnc
505 _aAproximación a la realidad actual -- Innovaciones pedagógicas -- El taller como espacio de aprendizaje -- El grupo: texto y contexto de enseñanza -- Rol del coordinador y observador -- Técnicas participativas -- Concepto, uso y abuso -- Tipos de técnicas -- Ámbitos de aplicación -- Salud y educación -- La comunidad y su abordaje -- Anexo: Experiencias sistematizadas -- Epílogo -- Bibliografía.
520 _aEl objetivo principal de este libro es contribuir con herramientas pedagógicas que promuevan la educación popular. Es un aporte para todos aquellos docentes, miembros de la comunidad y profesionales que se ocupen de planificar y ejecutar actividades dirigidas a la población en general y que intenten acompañar a los sujetos capaces de apropiarse de su realidad personal, al mismo tiempo que la modifican, desde un real proceso educativo. No pretende ser ni un recetario, ni pautas estrictas a aplicar en cualquier actividad. Por el contrario se trata de propuestas metodológicas para promover la investigación y la creatividad del lector en base a su propia cotidianeidad.
563 _aRústico
650 0 _9984
_aEducación
653 _aTrabajo en grupo.
942 _cBK
945 _aDani
999 _c66150
_d66150